| 000 | 02080nam a2200349 i 4500 | ||
|---|---|---|---|
| 001 | 991061426312406706 | ||
| 003 | ES-BaIT | ||
| 005 | 20250717120640.0 | ||
| 008 | 250704e202502 spc 000 d cat c | ||
| 017 |
_aDL T 211-2025 _bBiblioteca de Catalunya |
||
| 020 | _a9788412983135 | ||
| 040 |
_aES-BaIT _bcat _erda _cES-BaIT |
||
| 080 |
_a821.134.1-2 _x"20" |
||
| 080 | _a849.9-2"20" | ||
| 100 | 1 |
_aMiró Coromina, Josep Maria, _d1977- _eautor _934005 |
|
| 245 | 1 | 3 |
_aEl Principi d'Arquimedes / _cJosep Maria Miró ; pròleg de Leonardo V. Granados |
| 250 | _a2a edició revisada | ||
| 264 | 1 |
_aTarragona : _bArola Editors, _cfebrer 2025 |
|
| 300 |
_a114 pàgines ; _c17 cm |
||
| 336 |
_atext _btxt _2rdacontent |
||
| 337 |
_asense mediació _bn _2rdamedia |
||
| 338 |
_avolum _bnc _2rdacarrier |
||
| 490 | 1 |
_aTextos a part.Teatre contemporani ; _v257 |
|
| 500 | _aP4: D1, H3 | ||
| 520 | _a"Ha arribat el dia que els cavallets de mar, el grup infantil de natació, comencin a nedar sense bombolla. Aquest moment crucial per als més petits de la piscina és el desencadenant perquè surtin a la superfície sospites, dubtes i temors. Anna, la directora del club de natació, demana explicacions a Jordi, l'entrenador dels cavallets, després que alguns pares s'han queixat de com el noi ha gestionat la negativa d'un dels nens a treure's la bombolla perquè està espantat i plora. Jordi assegura que ha actuat amb tacte i que no l'ha renyat, ni espantat. El problema, però, és un altre: els pares veuen amb inquietud i preocupació que per tranquil.litzar-lo l'hagi abraçat i li hagi fet un petó. El principi d'Arquimedes és una obra sobre les pors contemporànies, les relacions humanes, els prejudicis i la confiança. El text de 2011 ha estat revisat amb motiu de la nova estrena a Catalunya de 2025." -- Contracoberta | ||
| 586 | _aXXXVI Premi Born de Teatre 2011 | ||
| 700 | 1 |
_aGranados, Leonardo V. _eescriptor d'un pròleg _9166729 |
|
| 830 | 0 |
_aTextos a part. _pTeatre contemporani _v257 _963285 |
|
| 908 | _aCDMAE | ||
| 940 | _aCVA7 | ||
| 942 |
_2udc _c1 |
||
| 999 |
_c136410 _d136410 |
||